Un llamado a la acción: ambientalistas y ambienta-listos /
Furkejuvvon:
| Váldodahkki: | |
|---|---|
| Materiálatiipa: | Texto |
| Fáttát: | |
| Fáddágilkorat: |
Lasit fáddágilkoriid
Eai fáddágilkorat, Lasit vuosttaš fáddágilkora!
|
MARC
| LEADER | 00000 a a2200000 04500 | ||
|---|---|---|---|
| 001 | 1473 | ||
| 003 | |||
| 040 | |||
| 100 | |a Montoya G., Felipe | ||
| 245 | |a Un llamado a la acción: |b ambientalistas y ambienta-listos / |c Felipe Montoya G. | ||
| 650 | |a MEDIO AMBIENTE | ||
| 650 | |a COSTA RICA | ||
| 773 | |g número 92; páginas 27-29 | ||
| 999 | |c 24530 |d 24530 | ||
